Longest range airliners - Statistics

General Stats
  • This quiz has been taken 25 times
  • The average score is 9 of 11
Answer Stats
Range Answer % Correct
15,700 km 787
100%
18,000 km A350
100%
14,800 km A380
100%
15,000 km 747
95%
10,820 km 767
95%
17,395 km 777
95%
15,000 km A340
95%
11,760 km A330
89%
9,540 km A310
47%
13,200 km MD-11
37%
10,400 km Il-96
26%
No matching quizzes found
Score Distribution
Percent of People with Each Score
Percentile by Number Answered
Your Score History
You have not taken this quiz